000 01353nam a2200301 i 4500
001 42429
003 ES-MaACL
005 20250827062558.0
007 t|
008 030324s1848 sp l |||| | spa d
110 1 _aEspaña
_93622
240 1 0 _aConstitución, 1845
245 1 0 _aConstitución de la monarquía española
_b. Ley electoral para el nombramiento de diputados a Cortes . Reglamento para el gobierno interior del Senado . Reglamento del Congreso de los Diputados y Ley de 19 de julio de 1837.
246 3 0 _aLey electoral para el nombramiento de diputados a Cortes [de 18 de marzo de 1846]
246 3 0 _aReglamento para el gobierno interior del Senado [de 10 de marzo de 1847]
246 3 0 _aReglamento del Congreso de los Diputados [de marzo de 1847]
246 3 0 _aLey de 19 de julio de 1837
260 _aMadrid :
_b[s.n.],
_c1848 (
_fImp. Nacional)
300 _a35, 42, 76, 96 p. ;
_c11 cm.
500 _aCada obra con port. y paginación propias.
610 1 4 _aEspaña.
_bCortes Generales.
_bSenado-
_vReglamentos
_93675
610 1 4 _aEspaña.
_bCortes Generales.
_bCongreso-
_vReglamentos.
_93673
630 0 4 _aLey electoral para el nombramiento de diputados a Cortes, 1846.
_9122588
650 4 _aDerecho electoral-
_zEspaña
_911705
852 _aES-MaACL
_jG-13411
942 _2udc
999 _c42429
_d42429